Obras completas [de Honoré de Balzac] : Teatro / cuentos donosos / Artículos / Varia /

保存先:
書誌詳細
第一著者: Balzac, Honoré de (autor)
フォーマット: 図書
言語:スペイン語
出版事項: Madrid, España : Aguilar, 1972, c1972
タグ: タグ追加
タグなし, このレコードへの初めてのタグを付けませんか!

MARC

LEADER 00000nam^a2200000^a^4500
001 000438768
005 20250526000000.0
009 20260310123254.674
037 |a Acervo ITESO - Biblioteca 
041 |a ESP 
091 |a FHM. 08969 
100 |a Balzac, Honoré de  |e (autor) 
245 1 0 |a Obras completas [de Honoré de Balzac] :  |b Teatro / cuentos donosos / Artículos / Varia / 
264 4 |a Madrid, España :  |b Aguilar,  |c 1972, c1972 
300 |a 1685 p. ;  |c 18.0 cm. 
336 |a texto  |b txt  |2 rdacontenido 
337 |a sin mediación  |b n  |2 rdamedio 
338 |a volumen  |b nc  |2 rdasoporte 
649 |a XX 
910 |a Fondo Hugo B. Margáin 
920 |a Impresos - Libros 
930 |a Libros Antiguos y Raros 
940 |a Literatura 
905 |a 126 
901 |a 0500306273  |b IT2  |c LRA  |i D109443  |u 20250526 
902 |a https://opac.biblio.iteso.mx/vufind/Record/000438768